| 000 | 00611cam a2200217 4500 | ||
|---|---|---|---|
| 008 | 090401t1991 xxu||||| |||| 00| 0 eng d | ||
| 020 | _a0140137815 | ||
| 035 | _a(Sirsi) u43826 | ||
| 041 | _aeng | ||
| 050 | _a658.3 | ||
| 100 | _aDe Bono, Edward | ||
| 245 | _aOpportunities: a handbook of business opportunity search. | ||
| 260 |
_aHarmondsworth, Mdx. _bPenguin Books _c1991 |
||
| 350 | _a6.99 | ||
| 520 | _aReprint of 1980 edition. | ||
| 650 | _aBUSINESS OPPORTUNITY | ||
| 650 | _aMANAGEMENT | ||
| 690 | _aMANAGEMENT-BUSINESS MANAGEMENT-PROFESSIONAL PRACTICE | ||
| 942 | _n0 | ||
| 948 | _c04/03/1997 | ||
| 999 |
_c91390 _d91390 |
||